Systémy dôchodkového zabezpečenia v krajinách EÚ
Dôchodkové zabezpečenie v krajinách Európskej únie (EÚ). Reformy systémov dôchodkového zabezpečenia. Výdavky na starobné dôchodky v pomere k HDP. Vek priznania nároku na starobný dôchodok. Porovnanie krajín EÚ. Situácia v postkomunistických krajinách (SVE). Problematika vývoja populácie. Demografick...
Saved in:
| Main Author: | |
|---|---|
| Format: | Book Chapter |
| Language: | Slovak |
| Subjects: | |
| Tags: |
No Tags, Be the first to tag this record!
|
MARC
| LEADER | 00000naa a2200000 4500 | ||
|---|---|---|---|
| 001 | r046065 | ||
| 005 | 20230807083736.2 | ||
| 041 | 0 | |a slo | |
| 044 | |a SK | ||
| 245 | 1 | 0 | |a Systémy dôchodkového zabezpečenia v krajinách EÚ |c Matúš Dobšovič |
| 520 | |a Dôchodkové zabezpečenie v krajinách Európskej únie (EÚ). Reformy systémov dôchodkového zabezpečenia. Výdavky na starobné dôchodky v pomere k HDP. Vek priznania nároku na starobný dôchodok. Porovnanie krajín EÚ. Situácia v postkomunistických krajinách (SVE). Problematika vývoja populácie. Demografická situácia. Životná úroveň dôchodcov v celej EÚ. | ||
| 610 | 2 | 0 | |a zabezpečenie dôchodkové |
| 610 | 2 | 0 | |a Európska únia |
| 610 | 2 | 0 | |a reformy |
| 610 | 2 | 0 | |a dôchodky starobné |
| 610 | 2 | 0 | |a vek |
| 610 | 2 | 0 | |a populácia |
| 610 | 2 | 0 | |a SVE |
| 610 | 2 | 0 | |a dôchodcovia |
| 610 | 2 | 0 | |a úroveň životná |
| 610 | 2 | 0 | |a produkt domáci hrubý |
| 100 | 1 | |a Dobšovič, Matúš | |